| 000 | 00000nas 2200000za 4500 |
| 001 | 9.843451 |
| 003 | CaOODSP |
| 005 | 20250108135418 |
| 007 | cr ||||||||||| |
| 008 | 170912d20162018oncar pso f0 b0fre|d |
| 022 | |a2561-3979 |
| 040 | |aCaOODSP|bfre |
| 043 | |an-cn--- |
| 086 | 1 |aCC171-32F-PDF |
| 222 | 0|aRapport de surveillance réglementaire sur l'utilisation des substances nucléaires au Canada |
| 245 | 00|aRapport de surveillance réglementaire sur l'utilisation des substances nucléaires au Canada |h[ressource électronique]. |
| 260 | |a[Ottawa] : |bCommission canadienne de sûreté nucléaire |
| 310 | |aAnnuel |
| 362 | 1 |aParaît depuis 2014; ne paraît plus après 2018. |
| 500 | |aPubl. aussi en anglais sous le titre : Regulatory oversight report on the use of nuclear substances in Canada. |
| 692 | 07|2gccst|aMatière radioactive |
| 692 | 07|2gccst|aRéglementation en matière de sécurité |
| 692 | 07|2gccst|aContrôle d'application |
| 692 | 07|2gccst|aConformité |
| 710 | 2 |aCommission canadienne de sûreté nucléaire. |
| 775 | 08|tRegulatory oversight report on the use of nuclear substances in Canada |w(CaOODSP)9.843446 |
| 780 | 00|tLes substances nucléaires au Canada |w(CaOODSP)9.502849 |